| 000 | 00000nas 2200000zi 4500 |
| 001 | 9.503358 |
| 003 | CaOODSP |
| 005 | 20251121160325 |
| 006 | m o d f |
| 007 | cr ||||||||||| |
| 008 | 150406c19989999oncar p o f0 b0fre|d |
| 022 | |a1700-6147 |
| 040 | |aCaOODSP|bfre|erda|cCaOODSP |
| 043 | |an-cn--- |
| 086 | 1 |aJL1-1F-PDF |
| 110 | 2 |aCommission du droit du Canada.|eauteur, |eorganisme de publicaiton. |
| 245 | 10|aRapport annuel / |cCommission du droit du Canada. |
| 264 | 1|aOttawa : |bCommission du droit du Canada = Law Commission of Canada ,|c1998- |
| 310 | |aAnnuel |
| 336 | |atexte|btxt|2rdacontent/fre |
| 337 | |ainformatique|bc|2rdamedia/fre |
| 338 | |aressource en ligne|bcr|2rdacarrier/fre |
| 362 | 1 |aParaît depuis 1997/1998 ; ne paraît plus après 2005/2006 ; réparaît en 2023/2024. |
| 500 | |aPlusieurs livr. comportent un titre distinct. |
| 500 | |aPublié aussi en anglais sous le titre : ... annual report. |
| 500 | |aTitre de la couverture. |
| 500 | |aL'année d'activité se termine le 31 mars. |
| 500 | |a«À la fin de l’année 2021, le Parlement a répondu aux appels de nombreuses sources pour renouveler le soutien financier qui avait été suspendu en 2006 afin de reconstruire l’agence» -- livraison 2023/2024. |
| 610 | 26|aCommission de réforme du droit du Canada |vPériodiques. |
| 650 | 6|aDroit|xRéforme|zCanada|vPériodiques. |
| 650 | 6|aJustice|xAdministration|zCanada|vPériodiques. |
| 655 | 7|aPériodiques|2rvmgf |
| 775 | 08|tAnnual report / |w(CaOODSP)9.506963 |